[Event "Fall Kickoff"]
[Site "SchemingMind.com"]
[Date "2007.09.19"]
[Round "-"]
[White "calidore"]
[Black "Brodaty"]
[Result "0-1"]
[WhiteCountry "ISR"]
[BlackCountry "POL"]
[WhiteElo "1871"]
[WhiteRD "59"]
[BlackElo "2086"]
[BlackRD "99"]
[GameID "121300"]

1. e4 e6 2. d4 d5 3. e5 c5 4. Nf3 Nc6 5. c3 Bd7 6. Bd3 cxd4 7. cxd4 Qb6 8. O-O Nxd4 9. Nxd4 Qxd4 10. Nc3 a6
11. Re1 Ne7 12. Qf3 Ng6 13. Bxg6 hxg6 14. Be3 Qh4 15. h3 Rc8 16. Rad1 Rc4 17. Ne2 Bb4 18. Rf1 O-O 19. Bf4 Rfc8 20. Bg3 Qe4
21. Qxe4 Rxe4 22. Nf4 Bb5 23. Rc1 Rxc1 24. Rxc1 Bd2 25. Rc8+ Kh7 26. f3 Rd4 27. a4 Rxa4 28. b3 Rd4
0-1

[Event "Fall Kickoff"]
[Site "SchemingMind.com"]
[Date "2007.09.19"]
[Round "-"]
[White "Kroll"]
[Black "Brodaty"]
[Result "0-1"]
[WhiteCountry "POL"]
[BlackCountry "POL"]
[WhiteElo "1731"]
[WhiteRD "80"]
[BlackElo "2086"]
[BlackRD "99"]
[GameID "121301"]

1. d4 Nf6 2. c4 g6 3. Nc3 d5 4. cxd5 Nxd5 5. e4 Nxc3 6. bxc3 Bg7 7. Nf3 c5 8. e5 O-O 9. Be2 Nc6 10. Be3 cxd4
11. cxd4 Be6 12. O-O Bd5 13. Nd2 Rc8 14. Bf3 f6 15. Bxd5+ Qxd5 16. Nf3 Rfd8 17. Qb3 fxe5 18. dxe5 Nxe5 19. Nxe5 Bxe5 20. Rad1 Qxb3
21. axb3 a6 22. g3 Kf7 23. Bb6 Rxd1 24. Rxd1 Rc6 25. Be3 Rc3 26. b4 Bd6 27. Rb1 Ke6 28. Bc5 Kd5 29. Rd1+ Kc6 30. Kg2 Bxc5
31. bxc5 Rxc5
0-1

[Event "Fall Kickoff"]
[Site "SchemingMind.com"]
[Date "2007.09.21"]
[Round "-"]
[White "MrPerry"]
[Black "bdenley"]
[Result "1-0"]
[WhiteCountry "USA"]
[BlackCountry "USA"]
[WhiteElo "1833"]
[WhiteRD "70"]
[BlackElo "1608"]
[BlackRD "72"]
[GameID "121304"]

1. e4 c5 2. d4 cxd4 3. c3 dxc3 4. Nxc3 Nc6 5. Nf3 d6 6. Bc4 Bg4 7. Bxf7+ Kd7 8. Bxg8 Rxg8 9. Qb3 Be6 10. Qxb7+ Ke8
11. Qxc6+ Bd7 12. Qd5 e6 13. Qh5+ g6 14. Qxh7 Rg7 15. Qh4 Qa5 16. Bd2 Qd8 17. Qxd8+ Rxd8 18. Bh6 Rf7 19. Bxf8 Kxf8 20. Rd1 Bc6
21. Nd4 Bd7 22. Ncb5
1-0

[Event "Fall Kickoff"]
[Site "SchemingMind.com"]
[Date "2007.09.19"]
[Round "-"]
[White "MrPerry"]
[Black "jdcald13"]
[Result "0-1"]
[WhiteCountry "USA"]
[BlackCountry "USA"]
[WhiteElo "1828"]
[WhiteRD "70"]
[BlackElo "1892"]
[BlackRD "78"]
[GameID "121306"]

1. e4 c5 2. Nc3 Nc6 3. g3 g6 4. Bg2 Bg7 5. d3 Nf6 6. f4 d6 7. Nf3 O-O 8. O-O Bg4 9. h3 Bd7 10. a3 Rb8
11. Qe1 Nd4 12. Nxd4 cxd4 13. Ne2 e5 14. Rb1 Qc8 15. c4 Bxh3 16. f5 Bxg2 17. Kxg2 b5 18. cxb5 Qc2
0-1

[Event "Fall Kickoff"]
[Site "SchemingMind.com"]
[Date "2007.09.19"]
[Round "-"]
[White "MrPerry"]
[Black "echecs"]
[Result "1-0"]
[WhiteCountry "USA"]
[BlackCountry "ENG"]
[WhiteElo "1833"]
[WhiteRD "70"]
[BlackElo "1750"]
[BlackRD "62"]
[GameID "121307"]

1. e4 Nf6 2. e5 Nd5 3. d4 d6 4. Bc4 Nb6 5. Bb3 dxe5 6. Qh5 e6 7. dxe5 g6 8. Qe2 Bg7 9. Nf3 Nc6 10. Bg5 Ne7
11. Nc3 O-O 12. Rd1 Qe8 13. Nb5 Ned5 14. c4 c6 15. Nd6 Qd7 16. cxd5 exd5 17. Nxc8 Raxc8 18. O-O Rce8 19. Rfe1 Qf5 20. Bc2 Qg4
21. h3 Qb4 22. Bb3 Nd7 23. Bd2 Qe7 24. Qd3 Qd8 25. Bc3 Qc7 26. e6 fxe6 27. Bxg7 Kxg7 28. Qc3+ Kg8 29. Ng5 Rf6 30. Bxd5 Qf4
31. Bxe6+
1-0

[Event "Fall Kickoff"]
[Site "SchemingMind.com"]
[Date "2007.09.18"]
[Round "-"]
[White "MrPerry"]
[Black "tacticrules"]
[Result "1-0"]
[WhiteCountry "USA"]
[BlackCountry "GER"]
[WhiteElo "1785"]
[WhiteRD "71"]
[BlackElo "1454"]
[BlackRD "49"]
[GameID "121308"]

1. e4 c5 2. f4 Nc6 3. Nf3 a6 4. c4 d6 5. Nc3 Nf6 6. d3 g6 7. Be2 Bg7 8. O-O O-O 9. a3 Bd7 10. Rb1 e5
11. Qe1 Be6 12. Ng5 h6 13. Nxe6 fxe6 14. fxe5 dxe5 15. Qg3 Qe8 16. Be3 g5 17. h4 Nh7 18. hxg5 Qg6 19. Bxc5 Rxf1+ 20. Rxf1 Qxg5
21. Qxg5
1-0

[Event "Fall Kickoff"]
[Site "SchemingMind.com"]
[Date "2007.09.18"]
[Round "-"]
[White "MrPerry"]
[Black "calidore"]
[Result "0-1"]
[WhiteCountry "USA"]
[BlackCountry "ISR"]
[WhiteElo "1785"]
[WhiteRD "71"]
[BlackElo "1871"]
[BlackRD "59"]
[GameID "121309"]

1. e4 Nf6 2. e5 Nd5 3. d4 d6 4. Bc4 c6 5. f4 dxe5 6. fxe5 Bf5 7. Ne2 e6 8. O-O Be7 9. Ng3 Bg6 10. Bd3 Nd7
11. Bxg6 hxg6 12. c4 N5b6 13. b3 Qc7 14. Nc3 O-O-O 15. Nge4 Nxe5 16. c5 Nd5 17. Nxd5 Rxd5 18. Bb2 Nd7 19. g3 Nf6 20. Nc3 Rdh5
21. Rf2 Nd5 22. Qe2 Nxc3 23. Bxc3 Bf6 24. Rd1 Qd7 25. a4 Qd5 26. Qc2 Rg5 27. Rg2 Rf5 28. b4 Qf3 29. b5 Rd8 30. bxc6 bxc6
0-1

[Event "Fall Kickoff"]
[Site "SchemingMind.com"]
[Date "2007.09.20"]
[Round "-"]
[White "MrPerry"]
[Black "Brodaty"]
[Result "0-1"]
[WhiteCountry "USA"]
[BlackCountry "POL"]
[WhiteElo "1803"]
[WhiteRD "66"]
[BlackElo "2107"]
[BlackRD "99"]
[GameID "121310"]

1. e4 e6 2. d4 d5 3. e5 c5 4. c3 Nc6 5. Nf3 Bd7 6. Be2 Nge7 7. Na3 cxd4 8. cxd4 Nf5 9. Nc2 Qb6 10. O-O Na5
11. g4 Ne7 12. Nfe1 Bb5 13. Nd3 h5 14. gxh5 Nf5 15. Be3 Nc6 16. Kh1 O-O-O 17. a4 Ba6 18. b4 Bc4 19. b5 Na5 20. Nb2 Bxe2
21. Qxe2 Kb8 22. Nd3 Rc8 23. Rab1= Be7 24. Nc5 Qc7 25. Rfc1 Bxc5 26. Nb4 Nc4 27. dxc5 Qxe5 28. Nd3 Qe4+ 29. Kg1 Ncxe3 30. fxe3 Nd4
31. Qf2 Nf3+
0-1

[Event "Fall Kickoff"]
[Site "SchemingMind.com"]
[Date "2007.09.18"]
[Round "-"]
[White "MrPerry"]
[Black "Kroll"]
[Result "0-1"]
[WhiteCountry "USA"]
[BlackCountry "POL"]
[WhiteElo "1785"]
[WhiteRD "71"]
[BlackElo "1731"]
[BlackRD "80"]
[GameID "121311"]

1. e4 e6 2. Qe2 c5 3. f4 Nc6 4. Nf3 Nge7 5. g3 d5 6. d3 g6 7. Bg2 Bg7 8. O-O Qb6 9. e5 c4+ 10. Kh1 cxd3
11. cxd3 O-O 12. Be3 Qc7 13. Nc3 a6 14. Rac1 Qd8 15. a3 d4 16. Bd2 dxc3 17. Bxc3 Nd5 18. Ng5 Nxc3 19. bxc3 Nxe5 20. fxe5 Rb8
21. d4 Bd7 22. Ne4 Bc6 23. Nd6 f6 24. Bxc6 bxc6 25. exf6 Qxd6 26. fxg7 Kxg7 27. Qxa6 Qd5+ 28. Kg1 Rb2
0-1

[Event "Fall Kickoff"]
[Site "SchemingMind.com"]
[Date "2007.09.18"]
[Round "-"]
[White "MrPerry"]
[Black "Dariusz1968"]
[Result "1-0"]
[WhiteCountry "USA"]
[BlackCountry "POL"]
[WhiteElo "1828"]
[WhiteRD "70"]
[BlackElo "1448"]
[BlackRD "53"]
[GameID "121312"]

1. e4 b6 2. d4 Bb7 3. Bd3 g6 4. Qe2 Bg7 5. c3 e6 6. Bf4 h6 7. Nd2 Ne7 8. h3 d6 9. Bh2 Nd7 10. f4 c5
11. Ngf3 Qc7 12. Nc4 O-O-O 13. O-O-O cxd4 14. f5 dxc3 15. Nxd6+ Kb8 16. Nb5 cxb2+ 17. Kb1 e5 18. Nxc7 Kxc7 19. Qxb2 f6 20. Rc1+ Kb8
21. Nd4 Nc5 22. Rxc5 Rxd4 23. Qxd4 bxc5 24. Qd6+ Ka8 25. Qxe7 c4 26. Qxg7 Rc8 27. Bc2 c3 28. Qxf6 Kb8 29. Bxe5+ Ka8 30. Rd1 a5
31. Rd8 Ka7 32. Rxc8 Bxc8 33. Bd4+ Kb8 34. Qb6+ Bb7 35. Be5+ Ka8 36. Qxa5+ Ba6 37. Qxa6#
1-0

[Event "Fall Kickoff"]
[Site "SchemingMind.com"]
[Date "2007.09.22"]
[Round "-"]
[White "bdenley"]
[Black "MrPerry"]
[Result "0-1"]
[WhiteCountry "USA"]
[BlackCountry "USA"]
[WhiteElo "1608"]
[WhiteRD "72"]
[BlackElo "1833"]
[BlackRD "70"]
[GameID "121313"]

1. e4 e5 2. Nf3 f5 3. Nxe5 Qf6 4. d4 d6 5. Nc4 fxe4 6. Nc3 Qg6 7. Ne3 Nf6 8. Ncd5 Nxd5 9. Nxd5 Qf7 10. Bc4 c6
11. Nb6 d5 12. Bxd5 cxd5 13. Nxa8 Bd6 14. O-O O-O 15. f3 Qh5 16. fxe4 Qxh2#
0-1

[Event "Fall Kickoff"]
[Site "SchemingMind.com"]
[Date "2007.09.20"]
[Round "-"]
[White "rougon"]
[Black "MrPerry"]
[Result "1/2-1/2"]
[WhiteCountry "USA"]
[BlackCountry "USA"]
[WhiteElo "1743"]
[WhiteRD "69"]
[BlackElo "1833"]
[BlackRD "70"]
[GameID "121314"]

1. d4 Nf6 2. c4 e6 3. Nc3 Bb4 4. Nf3 b6 5. g3 Bb7 6. Bg2 O-O 7. O-O Bxc3 8. bxc3 d6 9. Bg5 Nbd7 10. Re1 h6
11. Bd2 Qe7 12. Qc2 a5 13. e4 e5 14. Nh4 Bc8 15. Nf5 Qe8 16. Qc1 Nb8 17. Nxh6+ gxh6 18. Bxh6 Nh7 19. f4 Qe6 20. Bxf8 Kxf8
21. fxe5 dxe5 22. d5 Qg6=
1/2-1/2

[Event "Fall Kickoff"]
[Site "SchemingMind.com"]
[Date "2007.09.19"]
[Round "-"]
[White "jdcald13"]
[Black "MrPerry"]
[Result "1-0"]
[WhiteCountry "USA"]
[BlackCountry "USA"]
[WhiteElo "1914"]
[WhiteRD "55"]
[BlackElo "1833"]
[BlackRD "70"]
[GameID "121315"]

1. c4 d5 2. cxd5 c6 3. dxc6 Nxc6 4. Nf3 e5 5. Nc3 Nf6 6. d3 Bc5 7. e3 O-O 8. Be2 Qe7 9. O-O Bf5 10. a3 Rfd8
11. b4 Bd6 12. b5 Nb8 13. Nh4 Bg6 14. Nxg6 hxg6 15. Qa4 Nbd7 16. Bb2 Nb6 17. Qh4 Nh7 18. Qxe7 Bxe7 19. Rac1 Nf6 20. Rfd1 Bd6
21. a4 Nbd5 22. Nxd5 Nxd5 23. Bf3
1-0

[Event "Fall Kickoff"]
[Site "SchemingMind.com"]
[Date "2007.09.19"]
[Round "-"]
[White "echecs"]
[Black "MrPerry"]
[Result "1/2-1/2"]
[WhiteCountry "ENG"]
[BlackCountry "USA"]
[WhiteElo "1750"]
[WhiteRD "62"]
[BlackElo "1833"]
[BlackRD "70"]
[GameID "121316"]

1. e4 c5 2. c3 Nf6 3. e5 Nd5 4. d4 cxd4 5. cxd4 d6 6. Nf3 Nc6 7. Bc4 Nb6 8. Bb3 dxe5 9. Nxe5 Nxe5 10. dxe5 Qxd1+
11. Bxd1 Nc4 12. f4 Bd7 13. b3 Nb6 14. O-O e6 15. Be3 Nd5 16. Bd4 Be7 17. Nc3 Nxc3= 18. Bxc3 Bb5 19. Rf3 Bc5+ 20. Kh1 Bc6
21. Rg3 O-O-O 22. Bf3 Bxf3 23. Rxf3 Rd7 24. g3 Rhd8 25. Kg2 Bd4 26. Rc1 Kb8 27. Kh3 Bb6 28. Bb4 a5 29. Bd6+ Ka7 30. b4 axb4
31. Bxb4 Rd3=
1/2-1/2

[Event "Fall Kickoff"]
[Site "SchemingMind.com"]
[Date "2007.09.18"]
[Round "-"]
[White "tacticrules"]
[Black "MrPerry"]
[Result "1/2-1/2"]
[WhiteCountry "GER"]
[BlackCountry "USA"]
[WhiteElo "1570"]
[WhiteRD "48"]
[BlackElo "1833"]
[BlackRD "70"]
[GameID "121317"]

1. e4 c5 2. Nf3 d6 3. d4 cxd4 4. Nxd4 Nf6 5. Nc3 g6 6. Be3 Bg7 7. Bc4 O-O 8. Bb3 Nc6 9. O-O Bd7 10. f3 a6
11. Qd2 Nxd4 12. Bxd4 Rc8 13. Nd5 Nxd5 14. Bxg7 Kxg7 15. Bxd5 Bc6 16. Bxc6 Rxc6 17. c3 Qb6+ 18. Qd4+ Qxd4+ 19. cxd4 Rfc8 20. Rf2 Rc1+
21. Rxc1 Rxc1+ 22. Rf1 Rc2 23. Rf2 Rc1+=
1/2-1/2

[Event "Fall Kickoff"]
[Site "SchemingMind.com"]
[Date "2007.09.18"]
[Round "-"]
[White "calidore"]
[Black "MrPerry"]
[Result "1-0"]
[WhiteCountry "ISR"]
[BlackCountry "USA"]
[WhiteElo "1871"]
[WhiteRD "59"]
[BlackElo "1785"]
[BlackRD "71"]
[GameID "121318"]

1. e4 Nc6 2. Nf3 e5 3. Bc4 Bc5 4. b4 Bxb4 5. c3 Ba5 6. d4 exd4 7. O-O d3 8. Qb3 Qf6 9. Bxd3 Ne5 10. Nxe5 Qxe5
11. Bb2 c6 12. Nd2 Bc7 13. Nf3 Qh5 14. c4 Nf6 15. e5 Ng4 16. h3 O-O 17. hxg4 Qxg4 18. Rfe1 h5 19. Re4 Qe6 20. Rh4 g6
21. Ba3 b6 22. Bxf8 Kxf8 23. Re1 Bd8 24. Rh3 c5 25. Be4 Rb8 26. Bd5 Qf5 27. Qb1
1-0

[Event "Fall Kickoff"]
[Site "SchemingMind.com"]
[Date "2007.09.20"]
[Round "-"]
[White "Brodaty"]
[Black "MrPerry"]
[Result "1-0"]
[WhiteCountry "POL"]
[BlackCountry "USA"]
[WhiteElo "2086"]
[WhiteRD "99"]
[BlackElo "1785"]
[BlackRD "71"]
[GameID "121319"]

1. d4 Nf6 2. c4 e6 3. g3 c5 4. Nf3 cxd4 5. Nxd4 d5 6. Bg2 e5 7. Nf3 d4 8. O-O Nc6 9. e3 Bc5 10. exd4 exd4
11. Re1+ Be6 12. Ng5 O-O 13. Nxe6 fxe6 14. Nd2 Qd6 15. Ne4 Nxe4 16. Bxe4 d3 17. Qh5 Rxf2 18. Qxh7+ Kf8 19. Be3 Bxe3 20. Rxe3
1-0

[Event "Fall Kickoff"]
[Site "SchemingMind.com"]
[Date "2007.09.18"]
[Round "-"]
[White "Kroll"]
[Black "MrPerry"]
[Result "0-1"]
[WhiteCountry "POL"]
[BlackCountry "USA"]
[WhiteElo "1731"]
[WhiteRD "80"]
[BlackElo "1785"]
[BlackRD "71"]
[GameID "121320"]

1. d4 d5 2. Nf3 Nf6 3. Bg5 e6 4. e3 h6 5. Bh4 c5 6. c4 cxd4 7. Nxd4 dxc4 8. Bxc4 Be7 9. O-O O-O 10. Nc3 a6
11. Rc1 b5 12. Bd3 Bb7 13. Bxf6 Bxf6 14. Be4 Bxe4 15. Nxe4 Bxd4 16. Qxd4 Qxd4 17. exd4 Rd8 18. Rfd1 Ra7 19. Rd2 Rad7 20. Kf1 Kh7
21. Nc5 Rxd4 22. Rxd4 Rxd4 23. Nb3 Rd6 24. Ke2= Nc6 25. f4 Nd4+ 26. Nxd4 Rxd4 27. Rc6 a5 28. g3 Kg6 29. Rc5 Rd5 30. Rc7 Kf6
31. h3 g5 32. fxg5+ hxg5 33. Ra7 a4 34. b3 axb3 35. axb3 Kg6 36. Rb7 f5 37. Ke3 Kf6 38. Rb8 f4+ 39. gxf4 gxf4+ 40. Kxf4 Rd4+
41. Ke3 Rb4 42. h4 Rxb3+ 43. Ke4 Rb1 44. h5 b4 45. h6 Rh1 46. Kd3 b3 47. Kc3 Rxh6 48. Kxb3 Rh7 49. Kc3 Rd7 50. Rf8+ Kg5
51. Rg8+ Kf4 52. Rf8+ Ke4 53. Rf1 Rd3+ 54. Kc2 e5 55. Re1+ Re3 56. Rf1 Re2+ 57. Kd1 Ra2 58. Rf8 Ke3 59. Rf7 e4 60. Rh7 Ra1+
61. Kc2 Kf2 62. Rh2+ Kg3 63. Rh8 Kf2 64. Rh2+ Ke3 65. Rh3+ Kd4 66. Rh8 Ra2+ 67. Kd1 Kd3 68. Rh3+ e3 69. Kc1 Rc2+ 70. Kd1 Rf2
71. Ke1 Ra2 72. Kf1 Ra1+ 73. Kg2 Kd2
0-1

[Event "Fall Kickoff"]
[Site "SchemingMind.com"]
[Date "2007.09.18"]
[Round "-"]
[White "Dariusz1968"]
[Black "MrPerry"]
[Result "0-1"]
[WhiteCountry "POL"]
[BlackCountry "USA"]
[WhiteElo "1448"]
[WhiteRD "53"]
[BlackElo "1828"]
[BlackRD "70"]
[GameID "121321"]

1. e4 e5 2. Bc4 f5 3. Qf3 Nf6 4. Qxf5 Nc6 5. c3 d5 6. Qf3 dxc4 7. h3 Qd3 8. Qxd3 cxd3 9. f3 Bc5 10. b4 Bxg1
11. Rxg1 Nh5 12. Bb2 a6 13. Na3 Be6 14. c4 Nxb4 15. Bxe5 O-O-O 16. g4 Nf6 17. Bc3 Nc2+ 18. Nxc2 dxc2 19. c5 Rhg8 20. Kf2 Rdf8
21. Rgc1 Nxe4+ 22. Ke3 Nxc3 23. dxc3 Bd5 24. Rf1 Re8+ 25. Kd3 Rgf8 26. f4 Re4 27. f5 Rfe8 28. Kxc2 Re2+ 29. Kc1 Rh2 30. Rd1 Bf3
31. Rd2 Re1+ 32. Rd1 Rxd1#
0-1